01773nam a2200325Ia 4500001001200000003000800012006001900020007001500039008004100054010001700095020003600112020003500148040002100183035002100204050002600225100003500251245011200286260005300398300002300451504006600474505037500540533015200915650005601067650005701123650005401180650004101234655002901275710001701304856012601321ebr10018382CaPaEBRm u cr cn|||||||||020311s2002 inua sb s001 0 eng d z 2002003703 z0253341574 (cloth : alk. paper) z0253215544 (pbk. : alk. paper) aCaPaEBRcCaPaEBR a(OCoLC)61464958414aPQ3980.5b.T56 2002eb1 aThomas, Dominic Richard David.10aNation-building, propaganda, and literature in Francophone Africah[electronic resource] /cDominic Thomas. aBloomington :bIndiana University Press,cc2002. axv, 270 p. :bill. aIncludes bibliographical references (p. [229]-254) and index.0 aIntroduction: engineering history and engineering literature -- Official writers: the engineers of the Congolese soul -- Sony Labou Tansi: commitment, oppositionality, and resistance -- Henri Lopes: collaboration, confession, and testimony -- Emmanuel Dongala: history, memory, and reconciliation -- National conferences and media decentralization in Francophone Africa. aElectronic reproduction.bPalo Alto, Calif. :cebrary,d2013.nAvailable via World Wide Web.nAccess may be limited to ebrary affiliated libraries. 0aAfrican literature (French)xHistory and criticism. 0aNationalism and literaturezAfrica, French-speaking. 0aPolitics and literaturezAfrica, French-speaking. 0aPropagandazAfrica, French-speaking. 7aElectronic books.2local2 aebrary, Inc.40uhttp://site.ebrary.com/lib/rucke/Doc?id=10018382zAn electronic book accessible through the World Wide Web; click to view